Statistics for 駅名クイズ - カタカナを含む駅 ver.

Click here to take the quiz!

General Stats

  • This quiz has been taken 59 times
  • The average score is 55 of 156

Answer Stats

NumberAnswer% Correct
JY26高輪ゲートウェイ
90%
MO08羽田空港第3ターミナル
85%
MO10羽田空港第1ターミナル
82%
MO11羽田空港第2ターミナル
82%
R05天王洲アイル
79%
TS02とうきょうスカイツリー
74%
R04東京テレポート
74%
KK17羽田空港第1・第2ターミナル
74%
R06品川シーサイド
72%
KO41京王多摩センター
69%
OT06小田急多摩センター
69%
DT15たまプラーザ
69%
B30センター北
69%
B29センター南
69%
JO36空港第2ビル
69%
NK31りんくうタウン
67%
DT25南町田グランベリーパーク
67%
U08東京国際クルーズターミナル
67%
U09テレコムセンター
67%
TT01多摩センター
67%
H06虎ノ門ヒルズ
67%
U11東京ビッグサイト
64%
MO04流通センター
64%
C10コスモスクエア
62%
KS33ユーカリが丘
62%
TN55東武ワールドスクウェア
62%
OH21読売ランド前
59%
TX13柏の葉キャンパス
59%
HS12千葉ニュータウン中央
59%
FJ17富士急ハイランド
59%
JM21越谷レイクタウン
59%
KO37京王よみうりランド
59%
KB33ウッディタウン中央
56%
U13有明テニスの森
56%
HS11尼崎センタープール前
56%
行川アイランド
54%
心臓血管センター
51%
地区センター
51%
HS43ドーム前
51%
TX11流山セントラルパーク
51%
P16ユニバーサルシティ
49%
CR08ソシオ流通センター
49%
ベイサイド・ステーション
49%
R04アイランド北口
46%
東京ディズニーシー・ステーション
46%
MO01モノレール浜松町
46%
B12マキノ
46%
あしかがフラワーパーク
44%
G11-1ロイズタウン
44%
M13ナゴヤドーム前矢田
44%
OR08スクリーン
44%
リゾートゲートウェイ・ステーション
44%
P14フェリーターミナル
44%
R05アイランドセンター
44%
P12ポートタウン西
44%
P13ポートタウン東
44%
東京ディズニーランド・ステーション
44%
N21大阪ビジネスパーク
41%
ハウステンボス
41%
S25ニセコ
41%
KB32南ウッディタウン
41%
K22トマム
41%
KB31フラワータウン
41%
N12ドーム前千代崎
41%
T18オレンジタウン
38%
JA23スペースワールド
38%
P10トレードセンター前
36%
K04ハーバーランド
36%
P02貿易センター
36%
P08計算科学センター
36%
S03 | T04国際センター
36%
21松江イングリッシュガーデン前
36%
鹿島サッカースタジアム
33%
ID11富士フイルム前
33%
ガーラ湯沢
33%
GD02ジヤトコ前
31%
OR28京セラ前
31%
Jヴィレッジ
31%
Y09呉ポートピア
28%
KC15上ゲ
28%
CM08スポーツセンター
28%
B33ファミリー公園前
28%
B8等持院・立命館大学衣笠キャンパス前
28%
AN02ささしまライブ
28%
R06マリンパーク
26%
H11サッポロビール庭園
26%
上越国際スキー場前
26%
T10バスセンター前
26%
6鈴鹿サーキット稲生
26%
TR07モレラ岐阜
23%
HC30令和コスタ行橋
23%
KW11石川プール前
23%
M21総合リハビリセンター
23%
P03ポートターミナル
23%
7産業振興センター
23%
F16ベル前
23%
KB49広野ゴルフ場前
21%
06交通センター前
21%
岩原スキー場前
21%
P07医療センター
21%
2出雲科学館パークタウン前
21%
C14電鉄富山駅・エスタ前
21%
HM05日本ライン今渡
21%
F13ハーモニーホール
21%
17松江フォーゲルパーク
18%
バルーンさが
18%
32浜町アーケード
18%
F41ラベンダー畑
18%
OR02フジテック前
18%
SC10ロープウェイ入口
18%
F4サンドーム西
18%
C13地鉄ビル前
18%
アスモ前
18%
E34西春江ハートピア
18%
アプトいちしろ
18%
ウェスパ椿山
18%
06宇都宮大学陽東キャンパス
18%
KK10田んぼアート
18%
石打ダム
15%
47メディカルセンター
15%
宮島ボートレース場
15%
12グリーンスタジアム前
15%
KD18再春医療センター前
15%
M25商工センター入口
15%
17芳賀町工業団地管理センター前
15%
テクノさかき
15%
広川ビーチ
15%
ノーフォーク広場
15%
長島ダム
15%
阿仁マタギ
13%
トロッコ保津峡
13%
C27インテック本社前
13%
トロッコ嵯峨
13%
トロッコ亀岡
13%
C24大手モール
13%
トロッコ嵐山
13%
E33太郎丸エンゼルランド
13%
11清原地区市民センター前
13%
デンテツターミナルビル前
13%
M10原爆ドーム前
13%
T25コウノトリの郷
13%
フルーツパーク
13%
C25グランドプラザ前
10%
第一イン新湊 クロスベイ前
10%
F2スポーツ公園
10%
仁愛グランド前
10%
大川ダム公園
10%
H06西大寺町・岡山芸術創造劇場ハレノワ前
10%
グランド通
10%
C26オークスカナルパークホテル富山前
10%
急患医療センター前
10%
H10東山・おかでんミュージアム駅
10%
C12電気ビル前
10%
DY03函館アリーナ前
8%
C21トヨタモビリティ富山 Gスクエア五福前(五福末広町)
8%

Score Distribution

Percentile by Number Answered

Percent of People with Each Score

Your Score History

You have not taken this quiz